[Event "AUTO-ADV-3868"]
[Site "http://www.queenalice.com/game.php?id=1507122"]
[Date "2017.12.8"]
[Round "2"]
[White "LOMBARDY"]
[Black "Kingkila"]
[Result "1-0"]
[WhiteElo "2230"]
[BlackElo "2049"]

1. e4 e5 2. Nf3 d6 3. c4 c5 4. Nc3 Bg4 5. Be2 Bxf3 6. Bxf3 Nc6 7. d3 Qh4 8. Be3
g6 9. Nd5 O-O-O 10. O-O h5 11. a3 Nge7 12. b4 Nxd5 13. cxd5 Nd4 14. bxc5 dxc5
15. g3 Qh3 16. Bg2 Qd7 17. h4 Be7 18. Bxd4 exd4 19. a4 Bd6 20. f4 f6 21. Kh2 Kc7
22. Bh3 f5 23. e5 Bf8 24. Bg2 Rh7 25. a5 Rb8 26. Qc2 b6 27. axb6+ Kc8 28. Rxa7
Rb7 29. Rfa1 Kd8 30. Ra8+ Ke7 31. Qxc5+ Kf7 32. Rxf8+ Kg7 33. e6 Qe7 34. Rf7+
Qxf7 35. exf7 Kxf7 36. Ra7 Rxa7 37. bxa7 Kg7 38. Qe7+ Kh6 39. Qf8+ Rg7 40. a8=R
g5 41. fxg5+ Kg6 42. Qd6+ Kf7 43. g6+ Rxg6 44. Ra7+ Kg8 45. Qd8# 1-0

[Event "AUTO-ADV-3868"]
[Site "http://www.queenalice.com/game.php?id=1507123"]
[Date "2017.12.8"]
[Round "2"]
[White "Kingkila"]
[Black "LOMBARDY"]
[Result "0-1"]
[WhiteElo "2056"]
[BlackElo "2210"]

1. e4 c5 2. Bc4 e6 3. e5 a6 4. a3 d5 5. exd6 Bxd6 6. Nf3 Nf6 7. d4 cxd4 8. Qxd4
Nc6 9. Bg5 Nxd4 10. Nxd4 Qa5+ 11. c3 Ne4 12. Be3 Qh5 13. Be2 Qg6 14. O-O h5 15.
Bd3 f5 16. f4 b5 17. Nd2 Nxd2 18. Bxd2 Bb7 19. Nf3 O-O 20. Ng5 Bc5+ 21. Kh1 Rfd8
22. Rf3 Bxf3 23. Nxf3 Qe8 24. Re1 Rxd3 25. b4 Bb6 26. Bc1 Rad8 27. Bb2 Rd1 28.
h4 Qc6 29. Kh2 Qxf3 30. gxf3 R8d2+ 31. Kg3 Rxe1 32. c4 Rdd1 33. c5 Bc7 34. Be5
Rxe5 35. fxe5 Bxe5+ 36. Kf2 Rd4 37. Ke3 Rxh4 38. c6 g5 39. Kf2 Rc4 0-1

[Event "AUTO-ADV-3868"]
[Site "http://www.queenalice.com/game.php?id=1507126"]
[Date "2017.12.8"]
[Round "2"]
[White "mvson33"]
[Black "Kingkila"]
[Result "0-1"]
[WhiteElo "1694"]
[BlackElo "2027"]

1. e4 e5 2. Nf3 Qf6 3. Bc4 Bc5 4. O-O d6 5. Nc3 Ne7 6. a3 Bg4 7. Be2 Bxf3 8.
Bxf3 Nbc6 9. d3 Nd4 10. Bd2 Nxf3+ 11. gxf3 Ng6 12. Nd5 Qd8 13. f4 c6 14. fxe5
cxd5 15. exd6 Qxd6 16. exd5 O-O 17. Qg4 Bb6 18. Qg2 Bc7 19. Rae1 Nh4 20. Qg3
Nf3+ 21. Qxf3 Qxh2# 0-1

[Event "AUTO-ADV-3868"]
[Site "http://www.queenalice.com/game.php?id=1507127"]
[Date "2017.12.8"]
[Round "2"]
[White "Kingkila"]
[Black "mvson33"]
[Result "1-0"]
[WhiteElo "2028"]
[BlackElo "1631"]

1. c4 Nf6 2. Nc3 e5 3. e4 Bc5 4. Na4 Be7 5. d3 O-O 6. Be2 d6 7. Bg5 Nc6 8. Bxf6
Bxf6 9. a3 Bd7 10. b4 a6 11. Nf3 Be7 12. O-O f5 13. Nc3 fxe4 14. dxe4 Qe8 15.
Nd5 Qd8 16. h3 Rc8 17. a4 Bf6 18. Nh2 Bg5 19. Qe1 Nd4 20. Ra2 Nxe2+ 21. Qxe2 Be6
22. a5 Qe8 23. Ra3 Be7 24. b5 axb5 25. cxb5 Bxd5 26. exd5 Qf7 27. a6 bxa6 28.
bxa6 Ra8 29. Qb5 Rab8 30. Qc4 Ra8 31. Qxc7 Rfc8 32. Qb7 Rcb8 33. Qc7 Rc8 34. Qb7
Rab8 35. Qd7 Ra8 36. a7 Rf8 37. Nf3 Qf6 38. Nh2 Qg6 39. Qxe7 Qe4 40. Qb7 1-0

[Event "AUTO-ADV-3868"]
[Site "http://www.queenalice.com/game.php?id=1507130"]
[Date "2017.12.8"]
[Round "2"]
[White "Kingkila"]
[Black "APSHOOTER"]
[Result "1-0"]
[WhiteElo "2030"]
[BlackElo "1774"]

1. e4 e5 2. Bc4 Nf6 3. d3 h6 4. Ne2 Bb4+ 5. c3 Be7 6. b4 d6 7. Bb2 Bg4 8. f3 Bd7
9. O-O a6 10. d4 O-O 11. Ng3 Bb5 12. Bxb5 axb5 13. d5 Ng4 14. fxg4 Bg5 15. Qd3
c6 16. Nd2 Nd7 17. Nf3 Bf4 18. Nh5 Nf6 19. g3 Nxh5 20. gxh5 Bg5 21. Rf2 Be7 22.
Kh1 Qd7 23. Rg1 Rxa2 24. Kg2 f5 25. exf5 Qxf5 26. Qxf5 Rxf5 27. g4 Rf4 28. Kg3
Bh4+ 29. Kxh4 Rxf3 30. Rxf3 Rxb2 31. dxc6 bxc6 32. h3 e4 33. Rf5 e3 34. Re1 e2
35. Rf2 Rc2 36. Rexe2 Rxc3 37. Re8+ Kh7 38. Rf4 Rc4 39. Rff8 g5+ 40. hxg6+ Kxg6
41. Rc8 d5 42. Kg3 Rxb4 43. Rxc6+ Kg7 44. Rf3 d4 45. Kf2 Rb2+ 46. Ke1 Rh2 47.
Rb6 1-0

[Event "AUTO-ADV-3868"]
[Site "http://www.queenalice.com/game.php?id=1507131"]
[Date "2017.12.8"]
[Round "2"]
[White "APSHOOTER"]
[Black "Kingkila"]
[Result "0-1"]
[WhiteElo "1763"]
[BlackElo "2042"]

1. e4 c5 2. Bc4 e5 3. h3 a6 4. Nf3 d6 5. Nc3 b5 6. Bd5 Ra7 7. d3 Bb7 8. Be3 h6
9. a3 Nf6 10. Bxb7 Rxb7 11. Nd5 Nxd5 12. exd5 Be7 13. O-O f5 14. Nxe5 dxe5 15.
c4 Bd6 16. Re1 Qh4 17. Bxc5 Bxc5 18. Rxe5+ Re7 19. Rxe7+ Qxe7 20. Qe1 O-O 21. b4
Qxe1+ 22. Rxe1 Bd4 23. Re7 Bb2 0-1

[Event "AUTO-MASTER-2671"]
[Site "http://www.queenalice.com/game.php?id=1507167"]
[Date "2017.12.8"]
[Round "1"]
[White "Michelangelo"]
[Black "Kingkila"]
[Result "0-1"]
[WhiteElo "1655"]
[BlackElo "2014"]

1. e4 c5 2. Nf3 d6 3. Bb5+ Bd7 4. Bxd7+ Qxd7 5. d4 cxd4 6. Nxd4 g6 7. Nc3 e5 8.
Nb3 Nf6 9. O-O Bg7 10. f3 Nc6 11. Be3 O-O 12. Qd2 b6 13. Rfd1 Rad8 14. Qf2 Nh5
15. Nb5 Qe7 16. c3 a6 17. Na3 b5 18. Bb6 Rb8 19. Na5 Nxa5 20. Bxa5 Nf4 21. Nc2
Qg5 22. Kh1 Qe7 23. Ne3 Rfc8 24. Nd5 Nxd5 25. Rxd5 Rc6 26. Rad1 Rb7 27. Bb4 Rd7
28. R1d3 Bf8 29. Qd2 Qf6 30. b3 g5 31. h3 h5 32. Qd1 Kg7 33. Qe2 Qf4 34. Rd1 f5
35. c4 fxe4 36. fxe4 Qf7 37. Rf1 Qg6 0-1

[Event "AUTO-MASTER-2671"]
[Site "http://www.queenalice.com/game.php?id=1507168"]
[Date "2017.12.8"]
[Round "1"]
[White "Kingkila"]
[Black "Michelangelo"]
[Result "1-0"]
[WhiteElo "2011"]
[BlackElo "1685"]

1. e4 e5 2. Bc4 Bc5 3. Qh5 Qe7 4. Nc3 Nf6 5. Qg5 O-O 6. d3 c6 7. Qh4 d5 8. exd5
Nxd5 9. Qg3 Nxc3 10. bxc3 Kh8 11. Nf3 e4 12. Nd4 exd3+ 13. Be3 dxc2 14. O-O Nd7
15. Nf5 Qf6 16. Bd3 Bxe3 17. fxe3 Qe5 18. Qxe5 Nxe5 19. Bxc2 Be6 20. a4 Bc4 21.
Rfd1 g6 22. Nd6 Ba6 23. Rab1 b6 24. Ne4 Nc4 25. Kf2 f5 26. Ng5 f4 27. e4 Ne3 28.
Rd2 Nxc2 29. Ne6 Rf7 30. Rxc2 Bd3 31. Rbc1 Bxc2 32. Rxc2 Re8 33. Ng5 Rfe7 34.
Rd2 h6 35. Nf3 Rxe4 36. Nd4 c5 37. Nb5 Rxa4 38. Rd7 Re3 39. Rd2 Ra5 40. c4 g5
41. g3 a6 42. Nc7 Raa3 43. Nd5 fxg3+ 44. hxg3 Rf3+ 45. Ke2 Rxg3 46. Kf2 1-0

[Event "AUTO-MASTER-2671"]
[Site "http://www.queenalice.com/game.php?id=1507181"]
[Date "2017.12.8"]
[Round "1"]
[White "Aguinaldo"]
[Black "Kingkila"]
[Result "0-1"]
[WhiteElo "1852"]
[BlackElo "2022"]

1. e4 e5 2. Nf3 d6 3. Be2 c5 4. Nc3 Be7 5. Nd5 Nf6 6. d3 O-O 7. Bg5 Nxd5 8. exd5
Bxg5 9. Nxg5 Qxg5 10. Bf3 f5 11. Qd2 f4 12. O-O-O a5 13. h4 Qf6 14. Rdf1 b5 15.
Be2 Bb7 16. Bf3 b4 17. c3 bxc3 18. Qxc3 Nd7 19. g4 fxg3 20. fxg3 Qe7 21. Bg4
Bxd5 22. Bxd7 Qxd7 23. a3 Qa4 24. Rhg1 Rf3 25. Rxf3 Bxf3 26. Rf1 Bg4 27. Kb1 Rb8
28. Qd2 Qxa3 29. Qf2 Bf5 0-1

[Event "AUTO-MASTER-2671"]
[Site "http://www.queenalice.com/game.php?id=1507182"]
[Date "2017.12.8"]
[Round "1"]
[White "Kingkila"]
[Black "Aguinaldo"]
[Result "1-0"]
[WhiteElo "2026"]
[BlackElo "1877"]

1. e4 e5 2. Bc4 Nf6 3. d3 Nc6 4. Bg5 Be7 5. Bxf6 Bxf6 6. Nc3 Na5 7. Qf3 Nxc4 8.
dxc4 Qe7 9. Nd5 Qd8 10. Ne2 c6 11. Ne3 d6 12. O-O-O Be6 13. Rd2 Qc7 14. h4 O-O-O
15. g4 h6 16. h5 Qb6 17. Rd3 Bg5 18. Kb1 Bxe3 19. Qxe3 Qxe3 20. Rxe3 Bxc4 21.
Nc3 f6 22. f4 exf4 23. Rf3 Ba6 24. Rxf4 Rde8 25. Rd1 Kc7 26. b4 Re5 27. a4 b5
28. Kb2 Re6 29. a5 Rg8 30. Rd3 g5 31. hxg6 Rxg6 32. Ne2 Bb7 33. Nd4 Re5 34. Nf3
Re7 35. Nh4 Rg5 36. Nf5 Re6 37. Nxh6 c5 38. Re3 c4 39. Kc3 d5 40. Nf5 dxe4 41.
Kd4 a6 42. Kc3 Re8 43. Rh3 Bc8 44. Ne3 Rf8 45. Rh5 Rg6 46. Rxe4 Rf7 47. Rc5+ Kb7
48. Nf5 Bxf5 49. gxf5 Rg3+ 50. Kd4 Rf3 51. Re6 Rf2 52. Kc3 Rf3+ 53. Kb2 Ka7 54.
Rd6 Kb7 55. Kc1 Rf1+ 56. Kd2 Rf2+ 57. Kc3 1-0

[Event "AUTO-MASTER-2671"]
[Site "http://www.queenalice.com/game.php?id=1507189"]
[Date "2017.12.8"]
[Round "1"]
[White "JailtonMaster"]
[Black "Kingkila"]
[Result "1-0"]
[WhiteElo "2070"]
[BlackElo "2046"]

1. e4 e5 2. Nf3 d6 3. d4 exd4 4. Nxd4 Ne7 5. Be2 g6 6. O-O Bg7 7. Be3 c5 8. Nf3
Bxb2 9. Nbd2 Bxa1 10. Qxa1 O-O 11. Bh6 f6 12. Bxf8 Qxf8 13. Nc4 Nec6 14. Rd1 Be6
15. Nxd6 Qe7 16. c4 Na6 17. Qb2 Rb8 18. e5 fxe5 19. Nxe5 Nd4 20. Nb5 Nxb5 21.
cxb5 Nb4 22. a4 Re8 23. Nc4 Bf7 24. Ne3 b6 25. Bf3 Rd8 26. Rxd8+ Qxd8 27. Ng4
Qd4 28. Qxd4 cxd4 29. Ne5 Bb3 30. Nc6 a5 31. Nxb4 axb4 32. a5 bxa5 33. b6 d3 34.
b7 d2 35. b8=Q+ Kg7 36. Qc7+ Bf7 37. Qxa5 d1=Q+ 38. Bxd1 b3 39. Bxb3 Bxb3 40.
Qc3+ Kh6 41. Qxb3 Kg7 42. g4 Kf6 43. h4 Kg7 44. Qb7+ Kh6 45. Qe7 g5 46. Qf6# 1-0

[Event "AUTO-MASTER-2671"]
[Site "http://www.queenalice.com/game.php?id=1507190"]
[Date "2017.12.8"]
[Round "1"]
[White "Kingkila"]
[Black "JailtonMaster"]
[Result "1-0"]
[WhiteElo "2031"]
[BlackElo "2085"]

1. e4 c5 2. Qh5 d6 3. Bc4 e6 4. Nh3 Nf6 5. Qg5 Nc6 6. c3 Be7 7. O-O O-O 8. Qe3
d5 9. exd5 exd5 10. Bb5 Bd7 11. Bxc6 Bxc6 12. d3 d4 13. Qe2 Qd5 14. f3 Rfe8 15.
c4 Qh5 16. Bf4 Bd6 17. Qf2 Bxf4 18. Nxf4 Qg5 19. Nh3 Qg6 20. Nd2 Re7 21. Nf4 Qf5
22. Qg3 Rae8 23. a4 a6 24. Ne4 Nxe4 25. fxe4 Qe5 26. Rf3 f5 27. Qg5 fxe4 28.
Qxe5 Rxe5 29. dxe4 Bxe4 30. Rf2 g5 31. Nh5 R8e6 32. Nf6+ Kg7 33. Ng4 Rf5 34. Re1
Rxf2 35. Nxf2 Bf5 36. Rxe6 Bxe6 37. b3 b5 38. axb5 axb5 39. cxb5 Bxb3 40. Ne4
Bc4 41. b6 Bd5 42. Nxc5 Kf6 43. Kf2 Ke5 44. g3 g4 45. Ke2 Bc4+ 46. Kd2 Bd5 47.
Kd3 1-0

[Event "Challenge"]
[Site "http://www.queenalice.com/game.php?id=1511934"]
[Date "2018.1.15"]
[Round "-"]
[White "WLAO"]
[Black "Kingkila"]
[Result "0-1"]
[WhiteElo "1676"]
[BlackElo "2024"]

1. b3 d5 2. Bb2 Nc6 3. d4 e5 4. e3 e4 5. g3 Be6 6. Bg2 g6 7. a3 Bg7 8. b4 a6 9.
Ne2 Nh6 10. Nf4 Bg4 11. Qd2 b5 12. O-O O-O 13. Bc3 Qd6 14. h3 Bf3 15. Bxf3 exf3
16. Qd1 Qd7 17. Qxf3 g5 18. Ng2 Qxh3 19. Qxd5 Qe6 20. Qxe6 fxe6 21. Nd2 Rad8 22.
Ne4 Nf7 23. Nc5 Rfe8 24. Nxa6 Re7 25. Bd2 Nd6 26. Nc5 Nc4 27. Bc1 Rf8 28. c3 Nd8
29. Ne4 h6 30. a4 c6 31. a5 Nf7 32. a6 Ra7 33. Ne1 Rfa8 34. Nf3 Rxa6 35. Rxa6
Rxa6 36. Ne5 Nfxe5 37. Kg2 Nd3 38. Nc5 Nxc5 39. dxc5 Bxc3 40. Rd1 Kf7 41. Rd7+
Kf6 42. Rh7 Kg6 43. Re7 Kf6 44. Rh7 Ra1 45. Rxh6+ Ke5 46. Rg6 Rxc1 47. Rxg5+ Kf6
48. Rh5 Kg6 49. Rh4 Bxb4 50. Rg4+ Kf5 51. Rf4+ Kg5 52. Kf3 Ne5+ 53. Ke4 Ng6 54.
Rf3 Bxc5 55. Rf7 Rc4+ 56. Kf3 Ne5+ 57. Kg2 Nxf7 58. Kh3 Rc2 59. f4+ Kf5 60. g4+
Kg6 61. e4 Be7 62. e5 Rc3+ 63. Kg2 Nh6 64. g5 Ng4 65. Kf1 Rc2 66. Ke1 b4 67. Kd1
b3 68. Ke1 b2 69. Kd1 b1=Q# 0-1

[Event "AUTO-ADV-3881"]
[Site "http://www.queenalice.com/game.php?id=1516465"]
[Date "2018.2.18"]
[Round "2"]
[White "princesher"]
[Black "Kingkila"]
[Result "1-0"]
[WhiteElo "1972"]
[BlackElo "2049"]

1. e4 e5 2. Nf3 d6 3. h3 g6 4. d3 Ne7 5. Bg5 f6 6. Bxf6 Rg8 7. c3 Qd7 8. d4 Qe6
9. Bxe7 Bxe7 10. d5 Qf7 11. Nbd2 Bd7 12. Qb3 b6 13. g4 c6 14. c4 c5 15. Bg2 Kf8
16. g5 Kg7 17. Qe3 b5 18. cxb5 Bxb5 19. h4 Na6 20. a3 Raf8 21. Bh3 Nc7 22. Qc3
Bd8 23. Bg2 Qf4 24. a4 Ba6 25. Bh3 Kh8 26. Qe3 Qxe3+ 27. fxe3 Bd3 28. Kf2 Na6
29. Bf1 Nb4 30. Bxd3 Nxd3+ 31. Ke2 Nb4 32. b3 Ba5 33. Rh3 Rg7 34. Rf1 Rgf7 35.
Nh2 Rxf1 36. Ndxf1 Na2 37. Kd3 Nc1+ 38. Kc2 Ne2 39. Rf3 Rxf3 40. Nxf3 Nc3 41.
Kd3 Kg7 42. N3h2 h5 43. Nf3 Kf7 44. N1d2 Nd1 45. Nc4 Bc7 46. Nfd2 a5 47. Na3
Nf2+ 48. Ke2 Ng4 49. Ndb1 Bb6 50. Nc4 Bc7 51. Nc3 Ke7 52. Nb5 Kd7 53. Nxc7 Kxc7
54. Nxa5 Kb6 55. Nc4+ Kc7 56. a5 Kd7 57. Nb6+ Kc7 58. Kf3 Kb7 59. Nc4 Ka6 60.
Nxd6 Kxa5 61. Nf7 Kb5 62. Nh6 Nh2+ 63. Kg2 Ng4 64. Nxg4 hxg4 65. Kg3 c4 66.
bxc4+ Kc5 67. Kxg4 Kd6 68. h5 gxh5+ 69. Kxh5 Kc5 70. g6 Kxc4 71. g7 Kd3 72. g8=Q
Kxe4 73. Qe6 Kxe3 74. Qxe5+ Kd3 75. Kg4 Kc4 76. d6 Kb4 77. Qd4+ Kb5 78. d7 Kc6
79. d8=R Kc7 80. Qd6+ Kb7 81. Rb8+ Ka7 82. Qb6# 1-0

[Event "AUTO-ADV-3881"]
[Site "http://www.queenalice.com/game.php?id=1516466"]
[Date "2018.2.18"]
[Round "2"]
[White "Kingkila"]
[Black "princesher"]
[Result "0-1"]
[WhiteElo "2030"]
[BlackElo "1967"]

1. e4 e5 2. Bc4 Nf6 3. d3 h6 4. h3 c6 5. Qf3 a5 6. Ne2 b5 7. Bxf7+ Kxf7 8. O-O
g5 9. Ng3 d6 10. Nh5 Nd7 11. Be3 c5 12. Nc3 b4 13. Nd5 Bb7 14. c4 Bxd5 15. exd5
Bg7 16. Qf5 Qe7 17. g3 Kg8 18. Nxf6+ Nxf6 19. g4 Rd8 20. Kg2 Qd7 21. Qf3 Rf8 22.
Qe2 Qe8 23. Qc2 a4 24. a3 b3 25. Qe2 e4 26. d4 cxd4 27. Bxd4 Nd7 28. Bxg7 Kxg7
29. Rae1 Nf6 30. Qe3 Rf7 31. Qb6 Qd7 32. f3 exf3+ 33. Rxf3 Re8 34. Rxe8 Nxe8 35.
Re3 Rf4 36. Qa6 Rd4 37. Re2 Nf6 38. Kf3 Nxg4 39. hxg4 Qxg4+ 40. Kf2 Qh4+ 41. Kf1
Rd1+ 42. Kg2 Qh1+ 43. Kg3 Qg1+ 44. Kf3 Rd3+ 45. Ke4 Qd4+ 46. Kf5 Rf3+ 47. Ke6
Rf6+ 48. Ke7 Qc5 49. Qc6 Qa7+ 50. Kd8 Rf8+ 51. Re8 Qb8+ 52. Ke7 Qxe8+ 53. Qxe8
Rxe8+ 54. Kxe8 g4 55. c5 g3 56. cxd6 g2 57. d7 g1=Q 58. d8=Q Qg6+ 59. Kd7 Qg4+
60. Kd6 Qf4+ 61. Kc5 Qc1+ 62. Kb4 Qf4+ 63. Kc5 Qf2+ 64. Kb4 Qd4+ 65. Kb5 Qxb2
66. Qe7+ Kg6 67. Qe4+ Kg7 68. Kxa4 Qc2 69. Qe5+ Kg6 70. Qg3+ Kf6 71. Qxb3 Qxb3+
72. Kxb3 h5 73. Kc4 Ke7 74. Kc5 h4 75. a4 h3 76. a5 h2 77. a6 h1=Q 78. a7 Qg1+
79. Kc6 Qxa7 80. d6+ Kd8 81. d7 Qxd7+ 82. Kc5 Kc7 83. Kc4 Kc6 84. Kc3 Qd5 85.
Kc2 Qd4 86. Kb3 Kb5 87. Ka3 Qc3+ 88. Ka2 Kb4 89. Kb1 Qd2 90. Ka1 Kb3 91. Kb1
Qb2# 0-1

[Event "AUTO-ADV-3881"]
[Site "http://www.queenalice.com/game.php?id=1516471"]
[Date "2018.2.18"]
[Round "2"]
[White "Kingkila"]
[Black "Pin"]
[Result "1-0"]
[WhiteElo "2036"]
[BlackElo "1957"]

1. e4 g6 2. d4 Bg7 3. e5 c5 4. c3 cxd4 5. cxd4 Nc6 6. Bb5 Qb6 7. Bxc6 bxc6 8.
Nf3 Ba6 9. Nc3 Nh6 10. Ne2 Nf5 11. O-O O-O 12. Re1 Rac8 13. Rb1 Rfd8 14. Nc3 d6
15. g4 Nxd4 16. Qxd4 Qxd4 17. Nxd4 Bxe5 18. Be3 Kg7 19. f4 Bxd4 20. Bxd4+ Kg8
21. Rxe7 Bc4 22. Rbe1 a6 23. b3 Be6 24. f5 gxf5 25. gxf5 Bxf5 26. Bf6 Bg6 27.
Ra7 Re8 28. Rxe8+ Rxe8 29. Rxa6 Rc8 30. Rb6 h5 31. a4 Kh7 32. Ne2 Be4 33. Be7 d5
34. b4 Rg8+ 35. Kf2 Rg2+ 36. Ke3 Rxh2 37. Nf4 Rh1 38. a5 Re1+ 39. Kd4 Rc1 40.
Nxh5 Rc4+ 41. Ke3 Rc3+ 42. Kf4 Rf3+ 43. Ke5 Rf5+ 44. Kd4 Rxh5 45. a6 Rh1 46. Bc5
Rd1+ 47. Ke5 Ra1 48. Rxc6 Bh1 49. Rd6 Kg7 50. a7 Re1+ 51. Kd4 Rd1+ 52. Kc3 Ra1
53. Rd8 d4+ 54. Bxd4+ Kg6 55. Kc4 Ra6 56. Kb5 Re6 57. a8=Q Bxa8 58. Rxa8 f5 59.
Rg8+ Kf7 60. Rg7+ Kf8 61. Kc5 f4 62. b5 f3 63. Rg1 Re4 64. Rf1 Rf4 65. Be5 Rf5
66. Kd6 Rf7 67. Kc6 Ke8 68. b6 1-0

[Event "AUTO-ADV-3881"]
[Site "http://www.queenalice.com/game.php?id=1516472"]
[Date "2018.2.18"]
[Round "2"]
[White "Pin"]
[Black "Kingkila"]
[Result "1/2-1/2"]
[WhiteElo "1936"]
[BlackElo "2030"]

1. e4 e5 2. f4 exf4 3. Nf3 Bc5 4. d4 Be7 5. Bxf4 d6 6. Bc4 Bg4 7. O-O g5 8. Be3
Nd7 9. Bxf7+ Kf8 10. Bxg8 Kxg8 11. c3 Kg7 12. h3 Bxf3 13. Rxf3 Rf8 14. Rg3 h6
15. h4 Kg6 16. hxg5 Bxg5 17. Qg4 Qf6 18. Nd2 Rf7 19. Rf1 Qe7 20. Nf3 Kh7 21. Qh5
Bxe3+ 22. Kh1 Qf6 23. Nh2 Bf4 24. Rgf3 Qg6 25. Qxg6+ Kxg6 26. Rxf4 Rxf4 27. Rxf4
h5 28. Nf3 Re8 29. Nh4+ Kg5 30. g3 Nf6 31. Nf3+ Kg6 32. Kg2 Nxe4 33. Nh4+ Kg5
34. Rf5+ Kg4 35. Rf4+ Kg5 36. Rf5+ Kg4 37. Rf4+ Kg5 1/2-1/2

[Event "OS INCLIVES"]
[Site "http://www.queenalice.com/game.php?id=1518237"]
[Date "2018.3.3"]
[Round "-"]
[White "adelio"]
[Black "Kingkila"]
[Result "0-1"]
[WhiteElo "1570"]
[BlackElo "2026"]

1. d4 d5 2. e4 dxe4 3. Nc3 Bf5 4. f3 exf3 5. Qxf3 Bc8 6. Bc4 e6 7. Be3 c6 8.
Nge2 b5 9. Nxb5 Ba6 10. Nd6+ Qxd6 11. Bxa6 Nxa6 12. c3 Qd5 13. O-O Nf6 14. Nf4
Qxf3 15. gxf3 Bd6 16. Rf2 Bxf4 17. Bxf4 O-O 18. Re1 Rad8 19. Rg2 Kh8 20. Rg3 Nh5
21. Rg4 f5 22. Rh4 Nxf4 23. Rxf4 Rf6 24. Kf2 Nc7 25. c4 g5 26. Rxf5 exf5 27. h3
Ne6 28. d5 cxd5 29. cxd5 Rxd5 30. Kg3 h5 31. h4 f4+ 32. Kh3 Kh7 33. Rg1 g4+ 34.
fxg4 Rd3+ 35. Kh2 f3 36. gxh5 Nf4 37. Rf1 Nxh5 38. Rf2 Rf4 39. Kh3 Rd1 40. b3
Rh1+ 41. Rh2 Rxh2+ 42. Kxh2 f2 43. a4 f1=Q 44. a5 Rxh4# 0-1

[Event "OS INCLIVES"]
[Site "http://www.queenalice.com/game.php?id=1518238"]
[Date "2018.3.3"]
[Round "-"]
[White "Kingkila"]
[Black "adelio"]
[Result "1-0"]
[WhiteElo "2028"]
[BlackElo "1563"]

1. e4 a6 2. d4 c5 3. d5 e5 4. Qh5 d6 5. a4 g6 6. Qd1 h5 7. Bd3 g5 8. Be3 Be7 9.
Ne2 h4 10. h3 Nh6 11. f3 f5 12. g4 hxg3 13. Bd2 f4 14. Na3 b6 15. Nc4 a5 16. Na3
Nd7 17. Bb5 O-O 18. Bc6 Rb8 19. Nc3 Bb7 20. Qe2 Nf6 21. O-O-O g4 22. hxg4 Nhxg4
23. fxg4 Bc8 24. g5 Ng4 25. Rh5 Bxg5 26. Rdh1 Bf6 27. Be1 Bd7 28. Bxd7 Qxd7 29.
Rf5 Nf2 30. Bxf2 Qg7 31. Bg1 g2 32. Rh2 Bg5 33. Rxg5 Qxg5 34. Rxg2 Qxg2 35.
Qxg2+ Kf7 36. Qg4 Ke7 37. Qe6+ Kd8 38. Qxd6+ Ke8 39. Qxb8+ Kf7 40. Qxe5 Kg8 41.
Qg5+ Kh8 42. Qh6+ Kg8 43. d6 f3 44. Bf2 Rf7 45. Qe6 Kg7 46. d7 Rf6 47. Qe5 Kf7
48. Qe8+ Kg7 49. Nd5 Rf7 50. d8=Q Kg6 51. Qg8+ Rg7 52. Qde8+ Kg5 53. Qxg7# 1-0